000 00730nam a2200241Ia 4500
003 GCL
008 140319s9999 xx 000 0 ara d
040 _aGCL /
_cGCL
082 0 4 _a336.014
_bق ا
100 1 _aقحطان السويفى
245 1 0 _aاقتصاديات المالية العامة /
_cقحطان السويفى
260 _a[S.N] :
_bدار طلاس للدراسات والترجمة ،
_c1989
300 _a402
490 _a
650 0 4 _aمصر
650 0 4 _aالسياسة المالية
650 0 4 _aالضرائب
650 0 4 _aالديون العامة
650 0 4 _aالنفقات العامة
650 0 4 _aالميزانية
650 0 4 _aالمالية العامة
942 _2ddc
_cBK
999 _c54752
_d54752